[Event "Udaipur Pandiyar op 8th"]
[Site "Udaipur"]
[Date "2023.10.15"]
[Round "1"]
[White "Lokhandkar, Rushikesh"]
[Black "Kumar, Gaurav"]
[Result "0-1"]
[WhiteElo "1228"]
[BlackElo "1971"]
[PlyCount "68"]
[EventDate "2023.10.15"]
[EventType "swiss"]
[EventRounds "9"]
[EventCountry "IND"]
[SourceTitle "Mega2024 Update 01"]
[Source "Chessbase"]
[SourceDate "2023.11.12"]
[SourceVersion "1"]
[SourceVersionDate "2023.11.12"]
[SourceQuality "1"]

1. e4 c5 2. Nf3 Nc6 3. d3 g6 4. g3 Bg7 5. Bg2 d6 6. 0-0 Rb8 7. a4 a6 8. Re1 b5 9. axb5 axb5 10. c3 e5 11. Nbd2 Nge7 12. Nf1 0-0 13. h4 h6 14. N3h2 Be6 15. Ng4 h5 16. Ngh2 d5 17. Nf3 d4 18. Qc2 c4 19. Ng5 cxd3 20. Qxd3 Bc4 21. Qd1 b4 22. Nd2 Bd3 23. cxb4 Nxb4 24. Ra3 Qc7 25. Bf1 Bxf1 26. Rxf1 Rfc8 27. Qb3 Nec6 28. Ndf3 Nd8 29. Ra4 Qc2 30. Qxc2 Rxc2 31. b3 f6 32. Ba3 Nbc6 33. Ne1 Rc3 34. Ngf3 Rbxb3 0-1